| 000 | 01618nam0a2200337 i 4500 | ||
|---|---|---|---|
| 001 | RU\NLR\BIBL_A\011380349 | ||
| 005 | 20240922013825.0 | ||
| 010 |
_a9785967515712 _9100 |
||
| 021 |
_aRU _b2017-24911 _91848 |
||
| 035 | _a(RuMoRGB)008847682 | ||
| 035 | _a(NLR Aleph) 011380349 | ||
| 090 |
_a11397777 _c11397777 |
||
| 100 | _a20170503d2017 km y0rusy50 ca | ||
| 101 | 0 |
_arus _deng |
|
| 102 | _aRU | ||
| 105 | _aa|||z|||000zy | ||
| 200 | 1 |
_aСом клариевый (африканский) (Clarias gariepinus burchell) _e(биология, воспроизводство, выращивание) _eмонография _fВ. А. Власов _gМинистерство сельского хозяйства Российской Федерации, Российский государственный аграрный университет - МСХА им. К. А. Тимирязева |
|
| 210 |
_aМосква _cРосинформагротех _d2017 |
||
| 215 |
_a127 с. _cцв. ил., табл. _d20 |
||
| 300 | _aРез. на англ. яз. | ||
| 320 | _aБиблиогр.: с. 121-127 (94 назв.) | ||
| 517 | 1 | _aClarias gariepinus burchell) | |
| 606 | 1 |
_aСомы клариевые _92116581 _3RU\NLR\AUTH\661582128 |
|
| 686 |
_aП729.2-3,0 _2rubbk |
||
| 686 |
_aЕ693.325.649 _2rubbk |
||
| 686 | 1 | _aП729.23 | |
| 700 | 1 |
_7ca _8rus _aВласов _bВ. А. _cд-р с.-х. наук, канд. биол. наук _gВалентин Алексеевич _988281 _3RU\NLR\AUTH\77105356 |
|
| 942 | _cBOOK | ||
| 980 | _aNBR | ||